| 000 | 01337nam a2200325 i 4500 | ||
|---|---|---|---|
| 003 | EG-GICUC | ||
| 005 | 20260121101704.0 | ||
| 008 | 260108s1985 ua ||||fr|||| 001 0 ara d | ||
| 017 | _a84/5454 | ||
| 040 |
_a EG-GICUC _bara _c EG-GICUC _d EG-GICUC _erda |
||
| 041 | _aara | ||
| 082 | 0 | 4 |
_a343.432 _bس ي . ت _221 |
| 092 | 0 | 4 | _221 |
| 099 | _aLaw1 10 343.432 س ي . ت ed 2 - 1985 1006779 | ||
| 100 | 0 |
_aالسيد خلف محمد. _eمؤلف. |
|
| 245 | 1 | 2 |
_aالتجريم والعقاب في قانون المرور : _bالقتل والإصابة الخطأ والتأمين على السيارات / _cالمستشار السيد خلف محمد. |
| 250 | _aالطبعة الثانية المنقحة، | ||
| 264 | 1 |
_aالإسكندرية، مصر : _aالقاهرة : _bمنشأة المعارف، _bدار الطباعة الحديثة _c1985. |
|
| 300 |
_a261 صفحة ؛ _c24 سم. |
||
| 336 |
_2rda content _atext |
||
| 337 |
_2rda media _aComputer |
||
| 338 |
_2rda carrier _aOnline Resource |
||
| 504 | _aيشتمل على ارجاعات ببليوجرافية. | ||
| 546 | _aالنص باللغة العربية | ||
| 650 | 1 |
_aالتشريع الخاص بالمرور. _2qrmak |
|
| 651 | 1 | _2qrmak | |
| 856 | 4 | 0 | _uhttps://fll.law.cu.edu.eg/fulltext/bks/B10-06779.pdf |
| 905 | _a18 | ||
| 942 |
_2ddc _n0 _cBK _e21 |
||
| 999 |
_c55562 _d55562 |
||